banner-ar

التاريخ والاثار الحلقة الدراسية الاولى 4 - 9 من فبراير 1961 / (Record no. 39247)

MARC details
000 -الفاتح
حقل البيانات ثابتة الطول 00788nam a2200193Ia 4500
008 - عناصر البيانات ثابتة الطول - معلومات عامة
حقل البيانات ثابتة الطول 140319s9999 xx 000 0 ara d
040 ## - مصدر الفهرسة
وكالة الفهرسة الأصلية GCL /
وكالة النسخ GCL
082 04 - رقم تصنيف ديوى العشرى
رقم التصنيف ق
رقم المادة 913.031
-- م ت
100 1# - المدخل الرئيسى - إسم شخصى
الإسم الشخصى المجلس الاعلى لرعاية الفنون والاداب والعلوم الاجتماعية
245 10 - بيان العنوان
العنوان التاريخ والاثار الحلقة الدراسية الاولى 4 - 9 من فبراير 1961 /
بيان المسئوليه,etc المجلس الاعلى لرعاية الفنون والاداب والعلوم الاجتماعية
490 ## - بيان السلسلة
عنوان السلسلة
650 04 - المدخل الاضافى بالموضوع-مصطلح موضوعى
مصطلح موضوعي مصر
650 04 - المدخل الاضافى بالموضوع-مصطلح موضوعى
مصطلح موضوعي الاثار الاسلامية
650 04 - المدخل الاضافى بالموضوع-مصطلح موضوعى
مصطلح موضوعي الحضارة الاسلامية
650 04 - المدخل الاضافى بالموضوع-مصطلح موضوعى
مصطلح موضوعي المتاحف العربية
650 04 - المدخل الاضافى بالموضوع-مصطلح موضوعى
مصطلح موضوعي صور لاثار القاهرة
942 ## - عناصر المدخل الإضافي( كوها)
مصدر التصنيف او مخطط الترفيف Dewey Decimal Classification
Koha [default] item type كتاب
Holdings
حالة التراجع حالة الفقد حالة تلف ليس للاعارة المكان المؤقت الموقع الحالى تاريخ الاكتساب اجمالي اﻻعارات رقم الطلب الباركود تاريخ اخر مشاهدة تاريخ تفعيل السعر نوع وعاء كوها
        مكتبة القاهرة الكبرى مكتبة القاهرة الكبرى 03/26/2014   ق\913.031\م ت 96062 03/26/2014 03/26/2014 كتاب
        مكتبة القاهرة الكبرى مكتبة القاهرة الكبرى 03/26/2014   ق\913.031\م ت 96063 03/26/2014 03/26/2014 كتاب

Powered By

EGPV